LEADER 04127nam 2200769 450 001 9910466351403321 005 20200520144314.0 010 $a3-11-043064-9 010 $a3-11-043072-X 024 7 $a10.1515/9783110430646 035 $a(CKB)3710000000609727 035 $a(EBL)4426439 035 $a(SSID)ssj0001624590 035 $a(PQKBManifestationID)16361854 035 $a(PQKBTitleCode)TC0001624590 035 $a(PQKBWorkID)14813989 035 $a(PQKB)10870853 035 $a(MiAaPQ)EBC4426439 035 $a(DE-B1597)453348 035 $a(OCoLC)1002233239 035 $a(OCoLC)1004868590 035 $a(OCoLC)1011439229 035 $a(OCoLC)979585687 035 $a(OCoLC)982875352 035 $a(OCoLC)992453977 035 $a(OCoLC)999355428 035 $a(DE-B1597)9783110430646 035 $a(Au-PeEL)EBL4426439 035 $a(CaPaEBR)ebr11163739 035 $a(CaONFJC)MIL900975 035 $a(OCoLC)945612115 035 $a(EXLCZ)993710000000609727 100 $a20160315h20162016 uy 0 101 0 $ager 135 $aur|n|---||||| 181 $ctxt 182 $cc 183 $acr 200 10$aDiskurse des alter(n)s $eo?ffentliches sprechen u?ber alter in der Bundesrepublik Deutschland /$fCarolin Kru?ger 210 1$aBerlin, [Germany] ;$aBoston, [Massachusetts] :$cDe Gruyter,$d2016. 210 4$d©2016 215 $a1 online resource (550 p.) 225 1 $aDiskursmuster =$aDiscourse Patterns ;$vBand 11 300 $aDescription based upon print version of record. 311 $a3-11-043065-7 311 $a3-11-043929-8 320 $aIncludes bibliographical references and index. 327 $tFrontmatter -- $tInhaltsverzeichnis -- $t1. Einleitung -- $tI: Theoretischer Teil -- $t2. Theoretische Grundlegung und Methodik -- $t3. Der Forschungsstand: Alter, Sprache und Diskurse -- $tII: Empirischer Teil -- $t4. Das Untersuchungskorpus -- $t5. Der Teildiskurs "Pflege" -- $t6. Der Teildiskurs "Zielgruppe" -- $t7. Der Teildiskurs "Generation" -- $t8. Der Alter(n)sdiskurs - Kontinuitäten und Brüche: Zusammenschau der Ergebnisse -- $t9. Schluss -- $t10. Literaturverzeichnis -- $t11. Abbildungsverzeichnis -- $t12. Tabellenverzeichnis -- $t13. Abkürzungsverzeichnis -- $t14. Register 330 $aDer so genannte "demografische Wandel" hat sich in den vergangenen Jahren zu einem breit diskutierten Thema entwickelt. Der augenfälligste Aspekt dieses Wandels, die veränderte Altersstruktur der deutschen Bevölkerung, wird besonders massenmedial thematisiert. Bezüglich dieser massenmedialen Diskurse existieren bisher lediglich pauschale Urteile und punktuelle Eindrücke. Insbesondere der Anteil, den die Sprache an der Konstruktion öffentlicher Bilder von Alter(n) hat, ist bislang nicht systematisch untersucht worden. Die vorliegende Arbeit verfolgt das Ziel, massenmediale, nicht-wissenschaftliche Diskurse zum Thema "Alter(n)" über mehrere Dekaden (1950er bis einschließlich 2000er Jahre) diskurslinguistisch zu analysieren, um festzustellen, inwiefern sie sich angesichts des Wandels von sozio-ökonomischen und demographischen Rahmenbedingungen verändern. Gleichzeitig werden auch Alter(n)sbilder im Sinne kollektiver Deutungsmuster und ihre sprachliche Konstruktion untersucht. In der vorliegenden Arbeit wird erstmals diskurslinguistische Methodik auf den öffentlichen Altersdiskurs angewendet. Die diskursiven Kontinuitäten und Brüche des öffentlichen Sprechens und damit der sprachlichen Konstruktion von Alter werden herausgearbeitet. 410 0$aDiskursmuster ;$vBand 11. 606 $aDiscourse analysis$zGermany 606 $aOlder people$zGermany 606 $aOld age$zGermany 608 $aElectronic books. 615 0$aDiscourse analysis 615 0$aOlder people 615 0$aOld age 676 $a305.260943 686 $aCQ 7000$2rvk 700 $aKru?ger$b Carolin$f1984-$01049543 801 0$bMiAaPQ 801 1$bMiAaPQ 801 2$bMiAaPQ 906 $aBOOK 912 $a9910466351403321 996 $aDiskurse des alter(n)s$92478630 997 $aUNINA LEADER 01749nas 2200577- 450 001 9910131013203321 005 20260218113053.0 011 $a2591-7919 035 $a(DE-599)ZDB2410297-0 035 $a(CKB)110978978381059 035 $a(CONSER)---74020921- 035 $a(DE-599)2410297-0 035 $a(EXLCZ)99110978978381059 100 $a20760302b19672019 -a- - 101 0 $aeng 181 $ctxt$2rdacontent 182 $cc$2rdamedia 183 $acr$2rdacarrier 200 00$aYearbook of statistics: Singapore .. 210 1$aSingapore :$cDepartment of Statistics, Singapore 215 $a1 online resource 311 08$aPrint version: Yearbook of statistics: Singapore ... (DLC) 74020921 (DLC) 2001252331 (OCoLC)2024669 0583-3655 517 1 $aYearbook of statistics ... 531 $aSINGAPORE YEARBOOK OF STATISTICS 531 $aYEARBOOK OF STATISTICS 531 0 $aYearb. stat. Singap. 606 $aStatistics as Topic 606 $aStatistik$2stw 606 $aSingapur$2stw 606 $aSTATISTICS$2unbist 606 $aSINGAPORE$2unbist 607 $aSingapore$vStatistics$vPeriodicals 607 $aSingapore 607 $aSingapore$2fast 608 $aPeriodical. 608 $aPeriodicals.$2fast 608 $aStatistics.$2fast 608 $aPeriodicals.$2lcgft 608 $aStatistics.$2lcgft 615 2$aStatistics as Topic. 615 7$aStatistik. 615 7$aSingapur. 615 7$aSTATISTICS. 615 7$aSINGAPORE. 676 $a315.95/7 712 02$aSingapore.$bDepartment of Statistics, 906 $aJOURNAL 912 $a9910131013203321 920 $aexl_impl conversion 996 $aYearbook of statistics: Singapore .$92249071 997 $aUNINA